| 000 | 00549nam a2200205Ia 4500 | ||
|---|---|---|---|
| 003 | GCL | ||
| 008 | 140319s9999 xx 000 0 aRus d | ||
| 040 |
_aGCL / _cGCL |
||
| 082 | 0 | 4 |
_a946.02 _bE A |
| 100 | 1 | _aEL LEGADO ANDDLUSI | |
| 245 | 1 | 0 |
_aAL ANDALUS: Y EL MEDITERRANEO / _cEL LEGADO ANDDLUSI |
| 260 |
_a[S.N] : _bEL LEGADO ANDDLUSI ، _c1995 |
||
| 300 | _a320 | ||
| 650 | 0 | 4 | _aحوادث المرور |
| 650 | 0 | 4 | _aISLAMIC EMPIRE |
| 650 | 0 | 4 | _aSPAIN - CIVILIZATION |
| 650 | 0 | 4 | _aARAB IN SPAIN |
| 650 | 0 | 4 | _aAL ANDALUS |
| 942 |
_2ddc _cBK |
||
| 999 |
_c12917 _d12917 |
||